01557nam a2200289 a 4500008004100000020001500041050001500056100001600071245003400087246004000121250001200161260003800173300002300211350000900234490007200243650001500315650003200330650002200362700001900384995014500403995016300548995014000711999001700851952013300868952013301001952013301134120416s1993 ||||||||||||||||| || u a0070331839 aTS 156 Jur aJuran, J. M10aQuality planning and analysis afrom product developmentthrough use a3rd ed. aNew DelhibTata McGraw-Hillc1993 axxi, 634 p. : ill. a0.00 aMcGraw-Hill series in industrial engineering and management science 0aMANAGEMENT aQUALITY CONTROL--MANAGEMENT aQUALITY ASSURANCE aGryna, Frank M aMAIN LIBRARY OPEN ACCESSD0.00e44854FCBU-MAIN LIBRARY (Kitwe)H3I50.00jTS 156 JurUAVAILABLEy44854ZMain Library Open Access Collection aMAIN LIBRARY OPEN ACCESSD0.00e732715FCBU-MAIN LIBRARY (Kitwe)H2I50.00jTS 156 JurM1UAVAILABLEWJul 10, 2006y44852ZMain Library Open Access Collection aBINDERY (DAMAGED)D0.00e732716FCBU-MAIN LIBRARY (Kitwe)H1I50.00jTS 156 JurM1UDAMAGEDy44851ZMain Library Open Access Collection c79901d79901 00102lcc4070a001b001cMain Library Open Access Collectiond2023-06-29l0oTS 156 Jurp44854r2023-06-29t1w2023-06-29y002 00102lcc4070a001b001cMain Library Open Access Collectiond2023-06-29l0oTS 156 Jurp44852r2023-06-29t2w2023-06-29y002 00102lcc4070a001b001cMain Library Open Access Collectiond2023-06-29l0oTS 156 Jurp44851r2023-06-29t3w2023-06-29y002